| 000 | 00667nam a22002057a 4500 | ||
|---|---|---|---|
| 003 | LK-CoDNM | ||
| 005 | 20241011143821.0 | ||
| 008 | 241011b |||||||| |||| 00| 0 eng d | ||
| 040 |
_aLK-CoDNM _dLK-CoDNM _eLK-CoDNM |
||
| 041 | _asin | ||
| 080 |
_aප්ර.උ _b10 |
||
| 245 |
_aඋදාව V -1961 - 1 කාණ්ඩය _b1 වැනි කලාපය |
||
| 260 |
_aකුරුණෑගල _bරිවිරැස යන්ත්රාලය _c1961 |
||
| 300 | _b42p. ; 24 cm | ||
| 650 | _aප්ර.උ 10 | ||
| 650 | _aඋදාව V -1961 - 1 කාණ්ඩය | ||
| 650 | _a1 වැනි කලාපය | ||
| 650 | _a1961 | ||
| 942 | _cBK | ||
| 999 |
_c219082 _d219082 |
||